000 00317nam a22001457a 4500
008 210311b ||||| |||| 00| 0 eng d
020 _a002334590X
041 _aeng
080 _a339.138
082 _a339.138
100 _a60
101 _aMAR
245 _aEssentials of Marketing
_cEvans,R.J
942 _2udc
_cBK
999 _c56348
_d56348